00370nam a2200145Ia 4500003000400000005001700004008004100021040000900062082002000071100002100091245003700112260005300149300000900202650001300211OSt20201207124331.0190216s9999||||xx |||||||||||||| ||und|| coclc a894.8124bHAR/B aHarisharma, A D  0aBhasha Kavikal /cA D Harisharma bSree Narasimha Vilasom Book, aThuravoor:c1963. a135p aLekhanam